| 000 | 00490 a2200169 4500 | ||
|---|---|---|---|
| 005 | 20250508055815.0 | ||
| 020 | _a978-0-07-338125-1 | ||
| 082 | _a658.3 KRE | ||
| 100 | _aKREITNER, R. | ||
| 245 | _aOrganizational Behavior. | ||
| 250 | _a8th Ed | ||
| 260 |
_aNew York, _bMcGraw-Hill/ Irwin, _c2008. |
||
| 300 |
_aXxxi, 660p.: ill.; figure, picture, table _bGlossary & Index _c26cm. |
||
| 700 | _aKINICKI, A. | ||
| 856 |
_yAccess Online Book _fOrganizational _dwww.mhhe.com |
||
| 942 |
_2ddc _cBKS |
||
| 999 |
_c2144 _d2144 |
||